000 00953nam a22002534a 4500
005 20090718151240.0
008 080304s2009 njua 001 0 eng
010 _aENG-94469
020 _a9788120336544
_c350.00
035 _aEN-78002
037 _bDBAD / PUB
040 _adpl
_bEnglish
082 _a658.4038011
100 _aJoseph, P.T.
245 _aManagement information systems in knowledge economy /
_cby P.T. Joseph and Sanjay Mohapatra
260 _aNew Delhi
_bPHI Learning
_c2009
270 _aM-97, Connaught Circus
_bNew Delhi
_e110001
300 _axiv, 549p.
_b26cm(pbk)
500 _aIncludes index
650 _aManagement information systems
700 _aMahapatra, Sanjay
942 _2ddc
_cEN
_mJOS
_h658.4038011
999 _c28416
_d28416